Escalação do Náutico em Jogos Históricos - Statistics

Estatísticas Gerais
  • Esse quiz foi jogado 91 vezes
  • A pontuação média é 35 de 89
Estatísticas das Respostas
Partida Resposta % Correto
Kieza
88%
Meia Jean Carlos
86%
Zagueiro Camutanga
82%
Hélio dos Anjos
82%
Goleiro Jefferson
80%
Erick
78%
Lateral Hereda
78%
Vinícius
76%
Felipe
73%
Felipe
73%
Wagner Leonardo
73%
Alex Alves
71%
Gilmar Dal Pozzo
69%
Araújo
67%
Bryan
67%
Atacante (entrou) Matheus Carvalho
67%
Rhaldney
67%
Roberto Fernandes
67%
Ronaldo Alves
67%
Atacante (entrou) Wallace Pernambucano
67%
Atacante Álvaro
65%
Kuki
65%
Ortigoza
65%
Rafael
63%
Souza
63%
Volante Josa
61%
Alexandre Gallo
59%
Bruno
59%
Djavan
59%
Bita
57%
Zagueiro Diego
53%
Matheus Trindade
53%
Lateral Willian Simões
53%
Rhayner
51%
Atacante Thiago
51%
Giovanny
49%
Douglas Santos
47%
Júnior Timbó
47%
Elicarlos
43%
Lala
41%
Robinho
39%
Alemão
37%
Camacho
37%
Meia (entrou) Jhonnatan
37%
Volante Jiménez
37%
Jobson
37%
Atacante Rafael Oliveira
35%
Eduardo
33%
Marciel
33%
Rafael Assis
33%
Negretti
31%
Rogério
31%
Thiago Ennes
31%
Ivan
29%
Patric
29%
Kevyn
24%
Lula
24%
Capixaba
20%
Marcelo Ramos
20%
Sidny
20%
Dadá
18%
Duque
18%
Nildo
18%
Nino
18%
Ramos
18%
Breno
16%
Gena
16%
Leandro Euzébio
14%
Clóvis
12%
Luciano Totó
12%
Clebinho
10%
Jaime
10%
Mauro
10%
Miruca
10%
Fraga
8%
Ladeira
8%
Sérgio Manoel
8%
Vágner Rosa
8%
Zé Carlos
8%
Alison
6%
Wendel
6%
Dimba
4%
Valter Serafim
4%
Gilson
2%
Aloisio
0%
Fernando Matias
0%
Ivan Limeira
0%
Jardel
0%
Toinho
0%
Nenhum quiz correspondente encontrado
Distribuição das Pontuações
Porcentagem de Pessoas com Cada Pontuação
Percentil de Números Respondidos
Sua Pontuação Histórica
Você não jogou esse quiz